L'art de conjuguer : dictionnaire de douze mille verbes.

Αποθηκεύτηκε σε:
Λεπτομέρειες βιβλιογραφικής εγγραφής
Μορφή: Βιβλίο
Γλώσσα:French
Δημοσίευση: Paris : Hatier, 1980.
Σειρά:Bescherelle ; 1
Θέματα:
Ετικέτες: Προσθήκη ετικέτας
Δεν υπάρχουν, Καταχωρήστε ετικέτα πρώτοι!

MARC

LEADER 00000cam a2200000 i 4500
001 1/777
008 950705s1980 fr | ||| |||| ||fre||
020 |a 2218048892 
035 |l 10014199 
040 |a GR-MyUa  |b gre  |e AACR2 
041 0 |a fre 
082 7 |a 448.2   |2 (22) 
245 0 2 |a L'art de conjuguer :   |b dictionnaire de douze mille verbes. 
260 |a Paris :   |b Hatier,   |c 1980. 
300 |a 157 σ. ;   |c 20 εκ. 
490 1 |a (Bescherelle ;   |v 1) 
650 0 0 |a French language  |x Verb  |x Tables. 
830 0 |a Bescherelle ;  |v 1 
852 |a INST  |b LESVOS  |e 19950705  |h 448.2 ART  |p 005100008030  |q 005100008030  |t BK  |y 0 
852 |a INST  |b LESVOS  |e 20000704  |h 448.2 ART  |p 005100025753  |q 005100025753  |t BK  |y 0 
852 |a INST  |b LESVOS  |e 20000704  |h 448.2 ART  |p 005100025754  |q 005100025754  |t BK  |y 0 
852 |a INST  |b RHODES  |e 20000125  |h 445 ART  |p 005400001097  |q 005400001097  |t BK  |y 0 
922 |a 1ΕΛΗ  |b 199003  |c ΠΠ/9116 
922 |a 4ΕΛΗ  |b 198705 
970 |a ΧΟΡΟΖΙΔΟΥ  |b ΤΖΕΝΗ  |z 2000/01/25